The promise of power : (Record no. 16180)

000 -LEADER
fixed length control field 01818nam a2200277 a 4500
001 - CONTROL NUMBER
control field ASIN1107032962
005 - DATE AND TIME OF LATEST TRANSACTION
control field 20170105102934.0
008 - FIXED-LENGTH DATA ELEMENTS--GENERAL INFORMATION
fixed length control field 150819s2013 xxu eng d
020 ## - INTERNATIONAL STANDARD BOOK NUMBER
International Standard Book Number 1107032962 (hardcover)
Terms of availability $104.99
020 ## - INTERNATIONAL STANDARD BOOK NUMBER
International Standard Book Number 9781107032965 (hardcover)
040 ## - CATALOGING SOURCE
Original cataloging agency 0
050 04 - LIBRARY OF CONGRESS CALL NUMBER
Classification number JQ231
082 04 - DEWEY DECIMAL CLASSIFICATION NUMBER
Classification number 320.954
100 1# - MAIN ENTRY--PERSONAL NAME
Personal name Tudor, Maya.
245 14 - TITLE STATEMENT
Title The promise of power :
Remainder of title the origins of democracy in india and autocracy in pakistan /
Statement of responsibility, etc. Maya Tudor.
260 ## - PUBLICATION, DISTRIBUTION, ETC.
Place of publication, distribution, etc. [S.l.] :
Name of publisher, distributor, etc. Cambridge University Press,
Date of publication, distribution, etc. 2013.
300 ## - PHYSICAL DESCRIPTION
Extent 254 p. ;
Dimensions 24 cm.
520 ## - SUMMARY, ETC.
Summary, etc. Under what conditions are some developing countries able to create stable democracies while others are perpetually prone to instability and authoritarianism? Despite broadly similar historical and political legacies, India's and Pakistan's regimes diverged radically after independence. In The Promise of Power, Maya Tudor seeks to explain why this occurred through a comparative historical analysis. Drawing on interviews, colonial records and early government documents, Tudor challenges the prevailing explanations of democratization, which attribute political outcomes directly to low levels of economic development and high levels of inequality. Instead, she suggests that the emergence of a stable democracy in India and an unstable autocracy in Pakistan is best explained by the historically-specific interests of the dominant social group which led each independence movement as well as by the varying strength of the political parties which were created to pursue those interests.
650 #0 - SUBJECT ADDED ENTRY--TOPICAL TERM
Topical term or geographic name entry element Authoritarianism
650 #0 - SUBJECT ADDED ENTRY--TOPICAL TERM
Topical term or geographic name entry element Democracy
650 #0 - SUBJECT ADDED ENTRY--TOPICAL TERM
Topical term or geographic name entry element India
650 #0 - SUBJECT ADDED ENTRY--TOPICAL TERM
Topical term or geographic name entry element Pakistan
650 #0 - SUBJECT ADDED ENTRY--TOPICAL TERM
Topical term or geographic name entry element Political science
856 40 - ELECTRONIC LOCATION AND ACCESS
Materials specified Amazon.com
Uniform Resource Identifier <a href="http://www.amazon.com/exec/obidos/ASIN/1107032962/chopaconline-20">http://www.amazon.com/exec/obidos/ASIN/1107032962/chopaconline-20</a>
942 ## - ADDED ENTRY ELEMENTS (KOHA)
Source of classification or shelving scheme
Koha item type Book
Holdings
Withdrawn status Lost status Damaged status Not for loan Collection code Permanent Location Current Location Shelving location Date acquired Total Checkouts Full call number Barcode Date last seen Price effective from Koha item type
          Centre for International Peace & Stability (CIPS) Centre for International Peace & Stability (CIPS) General Stacks 08/19/2015   320.954 TUD 2013 CIPS0002633 08/19/2015 08/19/2015 Book
© 2023 Central Library, National University of Sciences and Technology. All Rights Reserved.